书目信息 |
| 题名: |
哈农钢琴练指法
|
|
| 作者: | 刘洋 著 | |
| 分册: | ||
| 出版信息: | 北京 现代出版社 2021.07 |
|
| 页数: | 214页 | |
| 开本: | 31cm | |
| 丛书名: | 跟我弹钢琴系列教学版本 | |
| 单 册: | ||
| 中图分类: | J624.16 | |
| 科图分类: | ||
| 主题词: | 钢琴--gang qin--指法 | |
| 电子资源: | ||
| ISBN: | 978-7-5143-9260-9 | |
| 000 | 01018nam 2200241 450 | |
| 001 | 2238340688 | |
| 005 | 20220917103922.16 | |
| 010 | @a978-7-5143-9260-9@dCNY59.80 | |
| 100 | @a20211102d2021 em y0chiy50 ea | |
| 101 | 0 | @achi |
| 102 | @aCN@b110000 | |
| 105 | @ag z 000yy | |
| 200 | 1 | @a哈农钢琴练指法@Aha nong gang qin lian zhi fa@f刘洋编著 |
| 210 | @a北京@c现代出版社@d2021.07 | |
| 215 | @a214页@c乐谱@d31cm | |
| 225 | 2 | @a跟我弹钢琴系列教学版本@Agen wo tan gang qin xi lie jiao xue ban ben |
| 330 | @a本书共分为三大部分: 一、使手指灵活、独立、有力和用力均匀的预备练习 (第1一20首) ; 二、为专门练习打好基础的提高练习 (第21一43首) : 三、为掌握高难度技巧所必需的专门练习 (第44—60首) 。每一个阶段都有非常明确的练习内容和要求。理论上讲, 只有达到练习规定的技术、力量、速度要求之后, 方可进入下一部分的练习。 | |
| 410 | 0 | @12001 @a跟我弹钢琴系列教学版本 |
| 606 | 0 | @a钢琴@Agang qin@x指法 |
| 690 | @aJ624.16@v5 | |
| 701 | 0 | @a刘洋@Aliu yang@4著 |
| 801 | 0 | @aCN@b人天书店@c20211102 |
| 905 | @aZUCC@dJ624.16@e14 | |
| 哈农钢琴练指法/刘洋编著.-北京:现代出版社,2021.07 |
| 214页:乐谱;31cm.-(跟我弹钢琴系列教学版本) |
| ISBN 978-7-5143-9260-9:CNY59.80 |
| 本书共分为三大部分: 一、使手指灵活、独立、有力和用力均匀的预备练习 (第1一20首) ; 二、为专门练习打好基础的提高练习 (第21一43首) : 三、为掌握高难度技巧所必需的专门练习 (第44—60首) 。每一个阶段都有非常明确的练习内容和要求。理论上讲, 只有达到练习规定的技术、力量、速度要求之后, 方可进入下一部分的练习。 |
| ● |
| 相关链接 |
|
|
|
正题名:哈农钢琴练指法
索取号:J624.16/14
 
预约/预借
| 序号 | 登录号 | 条形码 | 馆藏地/架位号 | 状态 | 备注 |
| 1 | 2000895582 | 2000895582 | 第三书库/ [索取号:J624.16/14] | 在馆 | |
| 2 | 2000895583 | 2000895583 | 第三书库/ [索取号:J624.16/14] | 在馆 | |
| 3 | 2000895584 | 2000895584 | 第三书库/ [索取号:J624.16/14] | 在馆 |